000 00606cam a22002053a 4500
001 39222
003 PGUSA
005 20140828083854.0
008 120322s2012||||xxu|||||s|||||000 | eng d
040 _aPGUSA
_beng
042 _adc
100 1 _aBernardo Villa R.
245 1 3 _aAn Annotated Check List of the Mammals of Michoacán, México
_h[electronic resource] /
_cBernardo Villa R.
260 _bProject Gutenberg,
_c2012
506 _aPublic domain in the USA.
516 _aElectronic text
830 0 _aProject Gutenberg
_v39222
856 4 0 _uhttp://www.gutenberg.org/ebooks/39222
942 _cEB
999 _c268475
_d268475